000 00763nam a22002537a 4500
003 CHAP
005 20220329141624.0
008 971013s r 00010 d
010 _a71194
011 _a72166
035 _a81720
040 _cCHAP
090 _aR-2463
100 0 0 _aAdams, Richard H., Jr.
_9866
245 _aDevelopment and structural change in rural Egypt, 1952 to 1982
500 _aSobretiro de: World Development 13(6) : 705-723, 1985
590 _aBATCH-UPD
_b10
_c20130110
_lUCH01
_h0301
590 _aBATCH-UPD
_b10
_c20130110
_lUCH01
_h2241
590 _aCONVERSION
_b10
_c20130109
_lUCH01
_h1339
650 1 4 _aEgipto
_xCondiciones rurales.
_935758
901 _aBK
942 _cREIMP
949 _aR-2463
_bBC
_cR
_d-35297
_eTS1
_i81720
_si
999 _c71194
_d71194